00652 2200229 4500001002100000005001500021035002000036245012300056100002000179250000600199300003300205700002500238260003100263082000800294084001400302020001800316650002000334990001700354990001700371990001700388990001700405INLIS00000000000038020181012113525 a0010-10180000701 aEmpat K ( Kecil-Kecil Kompak dan Kreatif ). :bJilid 5 Masuk Televisi /cDrajat Suratman; Editor, Eko Marsudiono, S.Pd0 aDrajat Suratman a- a16 hlm. :bilus. ;c27,5 cm.0 aEko Marsudiono, S.Pd aBogor :bYudhistira,c2004 a813 a813 DRA e a979-746-295-1 aFiksi Indonesia a01480/P/2018 a01481/P/2018 a01482/P/2018 a01483/P/2018